[Event "21ème open inter de La Réunion"]
[Site "Salle des fêtes de Bellepierre"]
[Date "2019.10.20"]
[Round "5.7"]
[White "Roblet, Charles"]
[Black "Goorsahye, Antoine"]
[Result "1-0"]
[WhiteElo "2063"]
[BlackElo "1786"]
[PlyCount "61"]
[EventDate "2019.??.??"]

1. e4 e5 2. f4 exf4 3. Nf3 d5 4. exd5 Nf6 5. c4 c6 6. d4 Bb4+ 7. Nc3 cxd5 8.
Bxf4 O-O 9. Be2 Nc6 10. O-O Bg4 11. c5 Bxc3 12. bxc3 Ne4 13. Qb3 Na5 14. Qc2
Re8 15. Bd3 f5 16. Ne5 Qh4 17. Rab1 g5 18. Bxe4 dxe4 19. Bg3 Qh5 20. h3 Bxh3
21. gxh3 Qxh3 22. Qg2 Qxg2+ 23. Kxg2 Rf8 24. Rb5 Nc6 25. Rxb7 Nd8 26. Re7 f4
27. Rh1 Rb8 28. Rhxh7 Rb2+ 29. Bf2 Ne6 30. Ng6 Rxf2+ 31. Kxf2 1-0

[Event "21ème open inter de La Réunion"]
[Site "Salle des fêtes de Bellepierre"]
[Date "2019.10.20"]
[Round "5.8"]
[White "Fondrat, Johan"]
[Black "Mezouaghi, Miloud"]
[Result "0-1"]
[WhiteElo "1541"]
[BlackElo "2001"]
[PlyCount "77"]
[EventDate "2019.??.??"]

1. e4 c5 2. c3 d6 3. d4 Nf6 4. Bd3 cxd4 5. cxd4 g6 6. Nf3 Bg7 7. Nc3 Nc6 8. O-O
O-O 9. Re1 Bg4 10. Be3 e5 11. dxe5 dxe5 12. Be2 Qxd1 13. Raxd1 Rfd8 14. h3 Bxf3
15. Bxf3 b6 16. Rxd8+ Rxd8 17. Rd1 Rxd1+ 18. Bxd1 Kf8 19. Kf1 h6 20. f3 Ke7 21.
Ba4 Na5 22. Bb5 Kd6 23. b4 Nc6 24. Bxc6 Kxc6 25. b5+ Kd6 26. g4 Nd7 27. Na4 Ke6
28. Ke2 f5 29. Kd3 Bf8 30. Kc4 fxg4 31. fxg4 Nf6 32. Kd3 g5 33. Nc3 Bb4 34. Ne2
Be7 35. Ng1 Nd7 36. Bf2 Nf8 37. Nf3 Bb4 38. Bg3 Nd7 39. Nd2 0-1

[Event "21ème open inter de La Réunion"]
[Site "Salle des fêtes de Bellepierre"]
[Date "2019.10.20"]
[Round "5.9"]
[White "Dijoux, Julien"]
[Black "De Peindray D'Ambell, Philippe"]
[Result "1/2-1/2"]
[WhiteElo "1891"]
[BlackElo "1724"]
[PlyCount "38"]
[EventDate "2019.??.??"]

1. d4 Nf6 2. Nf3 e6 3. Bg5 h6 4. Bf4 b6 5. h3 Bb7 6. e3 Be7 7. a4 a6 8. Nbd2 c5
9. c3 cxd4 10. exd4 d6 11. Qb3 Nbd7 12. Be2 O-O 13. O-O Ne4 14. a5 Nxd2 15.
Bxd2 b5 16. Qc2 Rc8 17. b4 Nf6 18. Rfc1 Be4 19. Qd1 d5 1/2-1/2

[Event "21ème open inter de La Réunion"]
[Site "Salle des fêtes de Bellepierre"]
[Date "2019.10.20"]
[Round "5.10"]
[White "Larmet, Nino"]
[Black "Frelicot, Eric"]
[Result "1-0"]
[WhiteElo "1738"]
[BlackElo "1609"]
[PlyCount "71"]
[EventDate "2019.??.??"]

1. e4 g6 2. Nc3 Bg7 3. g3 d6 4. Bg2 c6 5. d3 Nd7 6. f4 Ngf6 7. Nf3 Qc7 8. O-O
O-O 9. h3 b5 10. g4 e6 11. Ne2 h5 12. g5 Nh7 13. Ng3 d5 14. Qe1 dxe4 15. dxe4
f6 16. Nh4 fxg5 17. Nxg6 Rf6 18. Ne7+ Kf7 19. Nxc8 Rxc8 20. e5 Rg6 21. Be4 Ndf8
22. f5 exf5 23. Bxf5 Kg8 24. Bxg6 Nxg6 25. e6 Nf4 26. Bxf4 gxf4 27. e7 Bd4+ 28.
Kg2 Qd7 29. Rxf4 Re8 30. Nf5 Qd5+ 31. Qe4 Bxb2 32. Re1 Bf6 33. Qxd5+ cxd5 34.
Rf2 a5 35. Rfe2 Kf7 36. Nd6+ 1-0

[Event "21ème open inter de La Réunion"]
[Site "Salle des fêtes de Bellepierre"]
[Date "2019.10.20"]
[Round "5.11"]
[White "Ramasindraibe, Girard"]
[Black "Padre, Maxime"]
[Result "1-0"]
[WhiteElo "2150"]
[BlackElo "1512"]
[PlyCount "87"]
[EventDate "2019.??.??"]

1. Nf3 e6 2. g3 b6 3. Bg2 Bb7 4. d4 Nf6 5. O-O Be7 6. Re1 O-O 7. c4 Ne4 8. Nfd2
f5 9. Nxe4 fxe4 10. d5 e5 11. Nc3 Bb4 12. Qc2 d6 13. Bxe4 h6 14. a3 Bxc3 15.
Qxc3 Qf6 16. Rf1 Nd7 17. Bd2 Nc5 18. Bg2 a5 19. f4 exf4 20. Rxf4 Qxc3 21. Bxc3
Rxf4 22. gxf4 Nb3 23. Rd1 Ba6 24. Rd3 Re8 25. Rg3 Re7 26. Bh3 Kf8 27. Be6 Nc5
28. Bf6 Rxe6 29. Bxg7+ Kf7 30. dxe6+ Nxe6 31. Bxh6 Ke8 32. Re3 Kd7 33. f5 Nd4
34. f6 Nf5 35. f7 Nxe3 36. f8=Q Nxc4 37. h4 Ne5 38. Bf4 Bxe2 39. Bxe5 dxe5 40.
h5 Bd3 41. h6 Kc6 42. Kf2 Kd5 43. Ke3 Bb1 44. Qf7+ 1-0

[Event "21ème open inter de La Réunion"]
[Site "Salle des fêtes de Bellepierre"]
[Date "2019.10.20"]
[Round "5.12"]
[White "Bah, Ismael"]
[Black "Eric Andriana, Fitia"]
[Result "1-0"]
[WhiteElo "1660"]
[BlackElo "1325"]
[PlyCount "112"]
[EventDate "2019.??.??"]

1. c4 e5 2. d3 Nc6 3. g3 d6 4. Bg2 Be7 5. Nc3 Nf6 6. Nf3 Be6 7. b3 Qc8 8. O-O
Bh3 9. Bb2 Bxg2 10. Kxg2 h5 11. Nd5 Nxd5 12. cxd5 Nd8 13. h4 f5 14. e4 fxe4 15.
dxe4 Nf7 16. Qd3 a6 17. Bc1 Qd7 18. Be3 O-O-O 19. Rac1 Rdg8 20. Qd2 g5 21. hxg5
h4 22. Rh1 h3+ 23. Kh2 Qg4 24. Qe2 Bd8 25. Nd2 Nxg5 26. Bxg5 Rxg5 27. Qd1 Qd7
28. Nc4 Kb8 29. Ne3 Qf7 30. Nf5 Qd7 31. Qd3 Rgg8 32. Rc2 Bh4 33. Rhc1 Bd8 34.
a4 Rg6 35. Ra2 Bg5 36. Rb1 c6 37. dxc6 Qxc6 38. Rc2 Qb6 39. b4 a5 40. bxa5 Qxb1
41. Rc8+ Rxc8 42. Qxb1 Rc6 43. Kxh3 Rg8 44. Qd3 Bc1 45. Qd5 Rd8 46. Qd3 Ra6 47.
Qb5 Bd2 48. Ne7 Rh8+ 49. Kg2 Rd8 50. g4 Bxa5 51. g5 Bd2 52. g6 Bg5 53. Nf5 Rg8
54. Qd7 Rc6 55. Qf7 Rcc8 56. Nxd6 Rc7 1-0

[Event "21ème open inter de La Réunion"]
[Site "Salle des fêtes de Bellepierre"]
[Date "2019.10.20"]
[Round "5.13"]
[White "Pun Chung, Leo"]
[Black "Folio, Pierre"]
[Result "0-1"]
[WhiteElo "1654"]
[BlackElo "1246"]
[PlyCount "78"]
[EventDate "2019.??.??"]

1. e4 e5 2. Bc4 Nc6 3. Nf3 Bc5 4. b4 Bxb4 5. c3 Ba5 6. d4 exd4 7. O-O Nf6 8.
Ba3 d6 9. cxd4 Bg4 10. Qb3 Bxf3 11. Bxf7+ Kf8 12. gxf3 Nxd4 13. Qd3 c5 14. Bc4
Nh5 15. Kh1 Qf6 16. Bb2 Qxf3+ 17. Qxf3+ Nxf3 18. Nc3 Nd2 19. Be2 Nxf1 20. Bxh5
g6 21. Nd5 Rg8 22. Be2 Nd2 23. f3 Kf7 24. Rg1 Rac8 25. Rg4 g5 26. h4 h5 27. Rg1
gxh4 28. Rd1 c4 29. Bc3 Bxc3 30. Nxc3 Nxf3 31. Bxf3 Rg3 32. Bxh5+ Kg7 33. Nd5
Kh6 34. Ne7 Rc7 35. Nd5 Rcg7 36. Nf4 c3 37. Rxd6+ Kh7 38. Rd1 c2 39. Rc1 Rg1+
0-1

[Event "21ème open inter de La Réunion"]
[Site "Salle des fêtes de Bellepierre"]
[Date "2019.10.20"]
[Round "5.14"]
[White "Desire, Michael"]
[Black "Leliboux, Thais"]
[Result "1-0"]
[WhiteElo "1652"]
[BlackElo "1181"]
[PlyCount "59"]
[EventDate "2019.??.??"]

1. d4 d5 2. c4 Nc6 3. Nc3 dxc4 4. d5 Ne5 5. Bf4 Ng6 6. Bg3 Nf6 7. e4 e5 8. Qa4+
Bd7 9. Qxc4 Bd6 10. Nf3 O-O 11. h4 h5 12. Be2 c6 13. Rd1 Qc7 14. Qd3 Rad8 15.
O-O Rfe8 16. Qe3 b6 17. Rc1 Bc5 18. Qg5 Bb4 19. Nd2 Be7 20. Qe3 Bc5 21. Qd3 Be6
22. Qb1 cxd5 23. exd5 Nxd5 24. Rfd1 Nf6 25. Nde4 Ng4 26. Ng5 Bd7 27. Nce4 Qb7
28. Nxc5 bxc5 29. Bc4 Rf8 30. Qxg6 1-0

[Event "21ème open inter de La Réunion"]
[Site "Salle des fêtes de Bellepierre"]
[Date "2019.10.20"]
[Round "5.16"]
[White "Fondrat, Thierry"]
[Black "Grondin, Marine"]
[Result "0-1"]
[WhiteElo "1358"]
[BlackElo "1478"]
[PlyCount "160"]
[EventDate "2019.??.??"]

1. d4 e6 2. c4 Nf6 3. Nc3 Bb4 4. Nf3 b6 5. g3 Bb7 6. Bg2 O-O 7. O-O d5 8. cxd5
Nxd5 9. Qc2 c5 10. a3 Bxc3 11. bxc3 cxd4 12. cxd4 Nc6 13. e3 Rc8 14. Qd3 Na5
15. Bd2 Nc4 16. Bb4 Nxb4 17. axb4 a5 18. bxa5 bxa5 19. Ng5 Qxg5 20. Bxb7 Rc7
21. Ba6 Nd6 22. e4 Nb7 23. Rab1 Qe7 24. e5 Rd8 25. Bxb7 Rxb7 26. Rxb7 Qxb7 27.
Rb1 Qa7 28. Rd1 h6 29. Qe3 a4 30. Rd3 Rb8 31. Kg2 Rb4 32. d5 Qb7 33. Qc5 Rb5
34. Qc6 exd5 35. Qe8+ Kh7 36. e6 fxe6 37. Qxe6 d4+ 38. Kh3 Qd5 39. Qg4 Qf5 40.
Rxd4 Qxg4+ 41. Kxg4 Ra5 42. Rd2 a3 43. Ra2 Kg6 44. Kf4 Kf6 45. Ke4 Ke6 46. Kd4
Kf5 47. f3 g5 48. Kc3 Ke5 49. Kb4 Ra8 50. Kc4 Rc8+ 51. Kd3 Rf8 52. Ke2 Ra8 53.
Kd3 Kd5 54. Kc3 Kc5 55. f4 gxf4 56. gxf4 Kd5 57. Kd3 Ra4 58. Ke3 Ke6 59. h3 Kf5
60. Kf3 Rxf4+ 61. Kg3 Ra4 62. Kf3 h5 63. Kg3 h4+ 64. Kf3 Ke5 65. Ke3 Re4+ 66.
Kf3 Ra4 67. Ke3 Ra8 68. Kf3 Rg8 69. Re2+ Kf5 70. Kf2 Rg3 71. Re8 Rxh3 72. Rf8+
Ke4 73. Re8+ Kd4 74. Rd8+ Kc4 75. Rc8+ Kb3 76. Rb8+ Ka2 77. Kg2 Rb3 78. Rc8 Kb1
79. Rd8 a2 80. Rd1+ Kb2 0-1

[Event "21ème open inter de La Réunion"]
[Site "Salle des fêtes de Bellepierre"]
[Date "2019.10.20"]
[Round "5.17"]
[White "Ova, Roberto"]
[Black "Aujoulat, Fabrice"]
[Result "1-0"]
[WhiteElo "1328"]
[BlackElo "1400"]
[PlyCount "85"]
[EventDate "2019.??.??"]

1. d4 d5 2. c4 Nf6 3. Nc3 e6 4. Bg5 Be7 5. e3 h6 6. Bh4 Bb4 7. Nf3 Be7 8. Qc2
Nc6 9. a3 b6 10. cxd5 Nxd5 11. Nxd5 exd5 12. Bxe7 Nxe7 13. Bb5+ Bd7 14. Bxd7+
Qxd7 15. Ne5 Qb5 16. Qe2 Qxe2+ 17. Kxe2 Rc8 18. Rac1 f6 19. Nc6 Nxc6 20. Rxc6
O-O 21. Rhc1 Rf7 22. b4 a6 23. Rxb6 cxb6 24. Rxc8+ Kh7 25. Kd3 Ra7 26. a4 b5
27. a5 Rd7 28. f3 f5 29. Rc6 Ra7 30. g4 fxg4 31. fxg4 g5 32. h3 Kg7 33. e4
dxe4+ 34. Kxe4 Re7+ 35. Kd5 Re3 36. Rxa6 Rxh3 37. Rb6 Rg3 38. Rb7+ Kf6 39. a6
Ra3 40. Kc5 Rxa6 41. Rb6+ Rxb6 42. Kxb6 h5 43. gxh5 1-0

[Event "21ème open inter de La Réunion"]
[Site "Salle des fêtes de Bellepierre"]
[Date "2019.10.20"]
[Round "5.18"]
[White "Alex-Geerjanan, Nils"]
[Black "Torregrosa, Antoine"]
[Result "0-1"]
[WhiteElo "1009"]
[BlackElo "1501"]
[PlyCount "86"]
[EventDate "2019.??.??"]

1. e4 c5 2. Bc4 Nc6 3. Nf3 g6 4. c3 Bg7 5. d3 Nf6 6. Nbd2 O-O 7. Nf1 d6 8. Ng3
Ng4 9. h3 Nge5 10. O-O Nxc4 11. dxc4 Ne5 12. b3 b6 13. Be3 Nxf3+ 14. Qxf3 Bxc3
15. Bh6 Bg7 16. Bxg7 Kxg7 17. h4 Qd7 18. h5 Qg4 19. Qxg4 Bxg4 20. hxg6 hxg6 21.
Rfe1 Rfd8 22. f3 Be6 23. f4 Bg4 24. e5 d5 25. cxd5 Rxd5 26. Ne4 Rd4 27. g3 a5
28. Nf2 Bf5 29. Rad1 Rad8 30. g4 Rxd1 31. Nxd1 Bxg4 32. Ne3 Be6 33. Rf1 Rd2 34.
a4 Re2 35. Nc4 Bxc4 36. bxc4 Rc2 37. f5 gxf5 38. Rxf5 Rxc4 39. Rg5+ Kh6 40. Rg2
Rxa4 41. Kf2 Ra2+ 42. Kf3 Rxg2 43. Kxg2 a4 0-1

[Event "21ème open inter de La Réunion"]
[Site "Salle des fêtes de Bellepierre"]
[Date "2019.10.20"]
[Round "5.19"]
[White "Weber, Richard"]
[Black "Folio, Thomas"]
[Result "1-0"]
[WhiteElo "1486"]
[BlackElo "1199"]
[PlyCount "77"]
[EventDate "2019.??.??"]

1. e4 e6 2. a3 d5 3. exd5 exd5 4. d4 Bd6 5. Nf3 Nf6 6. Bg5 O-O 7. Be2 Bf5 8.
Nbd2 Re8 9. O-O Nbd7 10. Re1 c6 11. Nh4 Be4 12. Nxe4 dxe4 13. Nf5 Qc7 14. Nxd6
Qxd6 15. g3 Qc7 16. Bf4 Qb6 17. b4 Rad8 18. c4 a6 19. c5 Qa7 20. Qb3 Nd5 21.
Bg5 N7f6 22. Rad1 h6 23. Bc1 Qb8 24. h3 Qc8 25. Kh2 Qf5 26. Rf1 Qd7 27. Be3 Qe7
28. a4 Nc7 29. b5 cxb5 30. axb5 axb5 31. Bxb5 Nxb5 32. Qxb5 Nd5 33. Qb2 Qc7 34.
Ra1 Rb8 35. Ra7 Qc6 36. Rc1 Nxe3 37. fxe3 b6 38. Qa2 bxc5 39. Qxf7+ 1-0

[Event "21ème open inter de La Réunion"]
[Site "Salle des fêtes de Bellepierre"]
[Date "2019.10.20"]
[Round "5.20"]
[White "Alleman, Robin"]
[Black "Eboue, Yuri"]
[Result "0-1"]
[WhiteElo "1098"]
[BlackElo "1310"]
[PlyCount "66"]
[EventDate "2019.??.??"]

1. Nf3 c6 2. b4 d5 3. d4 Bf5 4. e3 e6 5. a3 Nf6 6. Bb2 Bd6 7. Bd3 Bg6 8. O-O
Qc7 9. g3 Nbd7 10. c4 dxc4 11. Bxc4 Bh5 12. Be2 Nb6 13. Nbd2 h6 14. Rc1 Qd7 15.
e4 Be7 16. Qb3 a6 17. Nc4 Nxc4 18. Bxc4 Nxe4 19. a4 Bxf3 20. Qxf3 Nd2 21. Qe2
Nxf1 22. Qxf1 Bxb4 23. Rd1 Qd6 24. Qd3 O-O-O 25. Qb3 Ba5 26. Ba3 Qc7 27. Rb1
Rxd4 28. Bb2 Re4 29. f3 Qb6+ 30. Kg2 Re2+ 31. Kh3 Qxb3 32. Bxb3 Rg8 33. f4 Bc7
0-1

[Event "21ème open inter de La Réunion"]
[Site "Salle des fêtes de Bellepierre"]
[Date "2019.10.20"]
[Round "5.21"]
[White "Folio, Raphael"]
[Black "Mablouke, Ulrich"]
[Result "1-0"]
[WhiteElo "1440"]
[BlackElo "1433"]
[PlyCount "75"]
[EventDate "2019.??.??"]

1. d4 d5 2. Nf3 f5 3. e3 e6 4. a3 c6 5. Be2 Bd6 6. b3 Nf6 7. h3 Nbd7 8. Bb2 Ne4
9. Nbd2 Ndf6 10. O-O Bd7 11. c4 O-O 12. c5 Bc7 13. Ne5 Qe7 14. b4 a6 15. a4
Nxd2 16. Qxd2 Ne4 17. Qd1 Rf6 18. b5 g5 19. Qe1 f4 20. exf4 gxf4 21. f3 Ng3 22.
Rf2 Raf8 23. Bd3 Nf5 24. bxa6 b6 25. Ng4 Rg6 26. cxb6 Bxb6 27. Qe5 h5 28. Qxf4
hxg4 29. fxg4 Rg5 30. gxf5 e5 31. Qe3 e4 32. Be2 Rgxf5 33. Qg3+ Qg7 34. Qxg7+
Kxg7 35. Rxf5 Rxf5 36. a5 Ba7 37. Bc3 Rg5 38. Kf2 1-0

[Event "21ème open inter de La Réunion"]
[Site "Salle des fêtes de Bellepierre"]
[Date "2019.10.20"]
[Round "5.22"]
[White "Vaast, Jean"]
[Black "Mohamed, Keziah"]
[Result "0-1"]
[WhiteElo "1355"]
[BlackElo "1033"]
[PlyCount "82"]
[EventDate "2019.??.??"]

1. b4 d5 2. Bb2 e6 3. Nf3 Nd7 4. e3 Ngf6 5. a3 Bd6 6. Be2 O-O 7. O-O b6 8. d4
Ne4 9. Nbd2 Ndf6 10. Ne5 Bb7 11. Nb3 Nd7 12. b5 Bxe5 13. dxe5 Qe7 14. f3 Nec5
15. Nxc5 bxc5 16. f4 Rab8 17. Bc3 c6 18. a4 f6 19. Rf3 fxe5 20. Bxe5 Nxe5 21.
fxe5 Rxf3 22. Bxf3 Qg5 23. Rb1 Ba8 24. c4 Qxe3+ 25. Kh1 Qxe5 26. Qd2 cxb5 27.
axb5 dxc4 28. Bxa8 Rxa8 29. h3 Qd4 30. Qg5 c3 31. Rf1 Rf8 32. Re1 Qd2 33. Qxd2
cxd2 34. Rd1 Rd8 35. Kg1 Kf7 36. Kf2 Kf6 37. Ke3 Ke5 38. Rxd2 Rxd2 39. Kxd2 Kd4
40. g4 Kc4 41. h4 Kxb5 0-1

[Event "21ème open inter de La Réunion"]
[Site "Salle des fêtes de Bellepierre"]
[Date "2019.10.20"]
[Round "5.23"]
[White "Gallais, Flavien"]
[Black "Erudel, Maeva"]
[Result "1/2-1/2"]
[WhiteElo "1236"]
[BlackElo "1009"]
[PlyCount "107"]
[EventDate "2019.??.??"]

1. e4 e6 2. d4 d5 3. e5 c5 4. c3 Nc6 5. Nf3 Qb6 6. Bd3 Bd7 7. Bc2 Nge7 8. a3 a5
9. O-O Nf5 10. Bxf5 exf5 11. Re1 Be7 12. Bg5 Bxg5 13. Nxg5 O-O 14. e6 f6 15.
Nf7 Bc8 16. e7 Re8 17. Nd6 Rxe7 18. Rxe7 Nxe7 19. dxc5 Qxb2 20. Nd2 Qxc3 21.
Qe1 Qe5 22. Nf3 Qxe1+ 23. Rxe1 Kf8 24. Nd4 Rb8 25. N6b5 Bd7 26. f3 Bxb5 27.
Nxb5 b6 28. cxb6 Rxb6 29. a4 Nc6 30. Nd6 Rb8 31. Nxf5 d4 32. Rc1 g6 33. Rxc6
gxf5 34. Rxf6+ Ke7 35. Rxf5 d3 36. Rd5 Rb3 37. Kf2 Ke6 38. Rd4 Ke5 39. Rd8 Kf4
40. g3+ Ke5 41. Ke3 Ra3 42. f4+ Kf5 43. Rd5+ Kg4 44. Rxa5 Kh3 45. Rh5+ Kg2 46.
Rxh7 Kf1 47. Rd7 Kg2 48. Rxd3 Rxa4 49. f5 Kxh2 50. g4 Rxg4 51. f6 Rg8 52. Rd6
Kg3 53. f7 Rf8 54. Kd4 1/2-1/2

[Event "21ème open inter de La Réunion"]
[Site "Salle des fêtes de Bellepierre"]
[Date "2019.10.20"]
[Round "5.24"]
[White "Bosi-Lagarde, Arthur"]
[Black "Naquin, Miguel"]
[Result "1-0"]
[WhiteElo "1100"]
[BlackElo "1009"]
[PlyCount "25"]
[EventDate "2019.??.??"]

1. e4 e5 2. Nf3 Nc6 3. Bc4 Bc5 4. c3 Nf6 5. d3 Ng4 6. O-O O-O 7. a3 Bxf2+ 8.
Rxf2 Nxf2 9. Kxf2 d6 10. Ng5 (10. Bg5) 10... Qf6+ 11. Kg1 Bd7 12. Qh5 Be8 13.
Qxh7# 1-0

[Event "21ème open inter de La Réunion"]
[Site "Salle des fêtes de Bellepierre"]
[Date "2019.10.20"]
[Round "5.25"]
[White "Erudel, Irina"]
[Black "Cavillot-Delestage, Raphael"]
[Result "1-0"]
[WhiteElo "1009"]
[BlackElo "1056"]
[PlyCount "45"]
[EventDate "2019.??.??"]

1. e4 e5 2. Nf3 Nc6 3. Nc3 Bb4 4. a3 Ba5 5. Bc4 Nf6 6. O-O Bxc3 7. bxc3 Nxe4 8.
d3 Nxc3 9. Qd2 Na4 10. Bb5 Nc5 11. Rb1 O-O 12. Re1 d6 13. Bc4 Qf6 14. c3 Qg6
15. g3 Bh3 16. Nh4 Qf6 17. Rxb7 Nxb7 18. Bd5 h6 19. Re3 Rab8 20. Rf3 Qe7 21. d4
exd4 22. cxd4 Nxd4 23. Qxd4 1-0

[Event "21ème open inter de La Réunion"]
[Site "Salle des fêtes de Bellepierre"]
[Date "2019.10.20"]
[Round "5.26"]
[White "Sandjivy, Yann"]
[Black "Parame, Bruno"]
[Result "0-1"]
[WhiteElo "1120"]
[BlackElo "1199"]
[PlyCount "36"]
[EventDate "2019.??.??"]

1. e4 e6 2. Nf3 g6 3. d4 Bg7 4. Bd3 d6 5. O-O Ne7 6. Bg5 Nbc6 7. d5 Na5 8. Bb5+
Bd7 9. Bxd7+ Qxd7 10. Qd2 Nc4 11. Qb4 Bxb2 12. Nc3 a5 13. Qxb7 O-O 14. Rab1
Bxc3 15. Bf6 Bxf6 16. Qb3 Ne5 17. Rb2 a4 18. Qb4 Nxf3+ 0-1

[Event "21ème open inter de La Réunion"]
[Site "Salle des fêtes de Bellepierre"]
[Date "2019.10.20"]
[Round "6.1"]
[White "Hercules, Benjamin Vincent"]
[Black "Rodier, David"]
[Result "1-0"]
[WhiteElo "2182"]
[BlackElo "2161"]
[PlyCount "113"]
[EventDate "2019.??.??"]

1. d4 d5 2. c4 c6 3. Nc3 Nf6 4. e3 e6 5. Qc2 Nbd7 6. Nf3 Bd6 7. g4 Nxg4 8. Rg1
f5 9. h3 Ngf6 10. Rxg7 Nf8 11. Rg2 Ne4 12. Nxe4 fxe4 13. Ne5 Bxe5 14. dxe5 Ng6
15. Bd2 Nh4 16. Rg3 Nf3+ 17. Rxf3 exf3 18. Bb4 Bd7 19. O-O-O Qg5 20. Bd6 Qh5
21. Rd4 Rg8 22. Rf4 Qg5 23. Qd1 Qg1 24. Rxf3 dxc4 25. Bxc4 Qxd1+ 26. Kxd1 O-O-O
27. Rf7 h5 28. Ke2 Rde8 29. Rh7 Rg5 30. f4 Rg1 31. Rxh5 Reg8 32. b4 c5 33. b5
a6 34. a4 axb5 35. axb5 b6 36. Rh6 R1g6 37. Rxg6 Rxg6 38. Kf2 Kd8 39. e4 Rh6
40. Kg3 Rg6+ 41. Kh2 Rh6 42. Be2 Be8 43. f5 Kd7 44. Bg4 Bf7 45. f6 Be8 46. Kg3
Rh8 47. h4 c4 48. Bb4 Bf7 49. h5 Rc8 50. Bc3 Ra8 51. Kf4 Ra3 52. h6 Ra8 53. Bd2
Rc8 54. Ke3 Bg6 55. Kd4 Ra8 56. Kxc4 Bxe4 57. Bh5 1-0

[Event "21ème open inter de La Réunion"]
[Site "Salle des fêtes de Bellepierre"]
[Date "2019.10.20"]
[Round "6.2"]
[White "Triton, Maxime"]
[Black "Hamon, Christian"]
[Result "1/2-1/2"]
[WhiteElo "1835"]
[BlackElo "2001"]
[PlyCount "68"]
[EventDate "2019.??.??"]

1. e4 c5 2. Nf3 Nc6 3. Bb5 g6 4. Bxc6 bxc6 5. O-O Bg7 6. c3 e5 7. d3 Ne7 8.
Nbd2 d6 9. Nc4 O-O 10. Re1 h6 11. a3 a5 12. a4 Be6 13. Be3 f5 14. exf5 gxf5 15.
Qe2 f4 16. Bc1 Bg4 17. h3 Bh5 18. d4 cxd4 19. cxd4 Ng6 20. dxe5 Nxe5 21. Ncxe5
dxe5 22. Qe4 Bxf3 23. Qxf3 Qd4 24. Ra3 Rad8 25. Kh2 Rf5 26. Qe4 Qxe4 27. Rxe4
Rd6 28. Rc3 Rdf6 29. Rec4 e4 30. Rxc6 f3 31. Rc2 h5 32. h4 Rd5 33. gxf3 exf3
34. Kg3 Rff5 1/2-1/2

[Event "21ème open inter de La Réunion"]
[Site "Salle des fêtes de Bellepierre"]
[Date "2019.10.20"]
[Round "6.3"]
[White "Gimenez Martinez, Alberto"]
[Black "Rebut, Paul"]
[Result "1/2-1/2"]
[WhiteElo "2225"]
[BlackElo "1863"]
[PlyCount "80"]
[EventDate "2019.??.??"]

1. e4 d5 2. exd5 Qxd5 3. Nc3 Qa5 4. Bc4 Nf6 5. d3 c6 6. Bd2 Qc7 7. Qe2 Bf5 8.
h3 h5 9. Nf3 e6 10. Nd4 Bg6 11. Bxe6 fxe6 12. Nxe6 Qe7 13. Nc7+ Kd7 14. Nxa8
Qxe2+ 15. Kxe2 Bd6 16. Be3 Na6 17. Bxa7 Rxa8 18. Be3 Nb4 19. Kd2 Nfd5 20. Nxd5
Nxd5 21. Bg5 Be5 22. c3 Bf4+ 23. Bxf4 Nxf4 24. Kc2 Bxd3+ 25. Kb3 c5 26. c4 Ne2
27. Rhd1 Nd4+ 28. Kc3 Be2 29. Rd2 Rf8 30. b4 b6 31. bxc5 bxc5 32. Rb1 Rxf2 33.
Rb7+ Kc8 34. Rxg7 Rf1 35. Kb2 Bxc4 36. Rg5 Rf5 37. Rxd4 Rxg5 38. Rxc4 Rxg2+ 39.
Kb3 Rg8 40. Rc3 h4 1/2-1/2

[Event "21ème open inter de La Réunion"]
[Site "Salle des fêtes de Bellepierre"]
[Date "2019.10.20"]
[Round "6.4"]
[White "Randriambololona, Herimanjatosoa"]
[Black "Testud, Philippe"]
[Result "1/2-1/2"]
[WhiteElo "1886"]
[BlackElo "2140"]
[PlyCount "72"]
[EventDate "2019.??.??"]

1. d4 Nf6 2. Nf3 e6 3. c4 Bb4+ 4. Nbd2 O-O 5. a3 Be7 6. e4 d6 7. Bd3 e5 8. Qe2
Nfd7 9. O-O exd4 10. Nxd4 Bf6 11. N2f3 Nc5 12. h3 Nc6 13. Nxc6 bxc6 14. Rb1 a5
15. Bc2 Re8 16. b4 axb4 17. axb4 Na4 18. Qd3 g6 19. Bf4 Nb6 20. Rfe1 Be6 21. c5
Nc4 22. Bb3 Ne5 23. Nxe5 dxe5 24. Qxd8 Rexd8 25. Be3 Bxb3 26. Rxb3 Ra4 27. Reb1
Kf8 28. Kf1 Rb8 29. Ke2 Rb5 30. Kd3 Ke7 31. Kc4 Ke6 32. g3 Be7 33. h4 f5 34. f3
Ra2 35. R1b2 Ra1 36. Rb1 Ra2 1/2-1/2

[Event "21ème open inter de La Réunion"]
[Site "Salle des fêtes de Bellepierre"]
[Date "2019.10.20"]
[Round "6.5"]
[White "Lorans, Sylvain"]
[Black "Larmet, Nino"]
[Result "1-0"]
[WhiteElo "2116"]
[BlackElo "1738"]
[PlyCount "83"]
[EventDate "2019.??.??"]

1. d4 d5 2. Bf4 c5 3. e3 Nc6 4. Bb5 e6 5. c4 cxd4 6. Qxd4 a6 7. Bxc6+ bxc6 8.
cxd5 cxd5 9. Nc3 Nf6 10. Nf3 Bb7 11. Ne5 Nd7 12. O-O Bc5 13. Qa4 f6 14. Nc6 Qb6
15. Na5 Bc8 16. a3 Qxb2 17. Qc6 Qxc3 18. Qxa8 Nb6 19. Qc6+ Bd7 20. Qc7 Qxa5 21.
Rfc1 Be7 22. Qb8+ Nc8 23. Rxc8+ Bxc8 24. Qxc8+ Qd8 25. Qxe6 Qd7 26. Qxa6 O-O
27. a4 Rc8 28. Qb5 Qc6 29. h3 Kf7 30. Qd3 g6 31. a5 Ra8 32. a6 Bc5 33. Rc1 Rc8
34. a7 Qb7 35. Bb8 Ke6 36. Ra1 Qa8 37. Ra6+ Rc6 38. Qb5 Rxa6 39. Qxa6+ Ke7 40.
Qa5 Bd6 41. Bxd6+ Kxd6 42. Qb6+ 1-0

[Event "21ème open inter de La Réunion"]
[Site "Salle des fêtes de Bellepierre"]
[Date "2019.10.20"]
[Round "6.6"]
[White "Mezouaghi, Miloud"]
[Black "Roblet, Charles"]
[Result "0-1"]
[WhiteElo "2001"]
[BlackElo "2063"]
[PlyCount "66"]
[EventDate "2019.??.??"]

1. Nf3 Nf6 2. g3 g6 3. Bg2 c5 4. c4 Nc6 5. Nc3 Bg7 6. O-O d6 7. d3 O-O 8. Rb1
Bg4 9. h3 Bd7 10. a3 a5 11. Be3 h6 12. Qd2 Kh7 13. Rfc1 e5 14. Ne1 Rb8 15. Nc2
Nh5 16. g4 Nf4 17. Bxf4 exf4 18. Qxf4 Be5 19. Qd2 f5 20. f4 Bf6 21. gxf5 gxf5
22. Nd5 Rg8 23. e3 Bh4 24. Ne1 Ne7 25. Nf3 Nxd5 26. cxd5 Rg3 27. Kh2 Qf6 28.
Rg1 Rbg8 29. Bh1 Be8 30. Qc3 Qe7 31. Bg2 Bh5 32. Nxh4 Qxh4 33. Rbf1 Bg4 0-1

[Event "21ème open inter de La Réunion"]
[Site "Salle des fêtes de Bellepierre"]
[Date "2019.10.20"]
[Round "6.7"]
[White "Quere, Alexandre"]
[Black "Evrin, Selvam"]
[Result "1-0"]
[WhiteElo "2042"]
[BlackElo "1788"]
[PlyCount "29"]
[EventDate "2019.??.??"]

1. Nf3 d5 2. g3 c5 3. Bg2 Nc6 4. O-O e5 5. d3 Be7 6. Na3 f5 7. e4 fxe4 8. dxe4
d4 9. Nc4 Qc7 10. Nfxe5 Nxe5 11. Bf4 Bf6 12. Bxe5 Qe7 13. Bxf6 Nxf6 14. e5 Ng4
15. Nd6+ 1-0

[Event "21ème open inter de La Réunion"]
[Site "Salle des fêtes de Bellepierre"]
[Date "2019.10.20"]
[Round "6.9"]
[White "Dace, Jean Emeric"]
[Black "Dijoux, Julien"]
[Result "1/2-1/2"]
[WhiteElo "1654"]
[BlackElo "1891"]
[PlyCount "61"]
[EventDate "2019.??.??"]

1. Nf3 Nf6 2. g3 d5 3. b3 g6 4. Bb2 Bg7 5. Bg2 c5 6. d3 Nc6 7. Nbd2 Qc7 8. e4
d4 9. O-O e5 10. Bc1 h6 11. h3 g5 12. Nh2 Be6 13. Nc4 b5 14. Nd2 Rc8 15. Nb1
Qd7 16. c3 Bxh3 17. a4 a6 18. axb5 axb5 19. cxd4 Bxg2 20. Kxg2 Qxd4 21. Ra6 Nb4
22. Be3 Qd7 23. Rxf6 Bxf6 24. Qf3 Qe6 25. Nc3 Bg7 26. Nxb5 Qd7 27. Nc3 Qxd3 28.
Nd5 Nxd5 29. exd5 Qg6 30. Rc1 Bf8 31. Qg4 1/2-1/2

[Event "21ème open inter de La Réunion"]
[Site "Salle des fêtes de Bellepierre"]
[Date "2019.10.20"]
[Round "6.10"]
[White "Goorsahye, Antoine"]
[Black "Ova, Roberto"]
[Result "1-0"]
[WhiteElo "1786"]
[BlackElo "1328"]
[PlyCount "65"]
[EventDate "2019.??.??"]

1. e4 c5 2. Nf3 d6 3. d4 cxd4 4. Nxd4 Nf6 5. Nc3 Nc6 6. Bc4 e6 7. Bb3 Nxd4 8.
Qxd4 a6 9. Bg5 Be7 10. O-O-O Bd7 11. Kb1 Rc8 12. Bxf6 gxf6 13. f4 h5 14. f5 Qa5
15. Rhe1 Qc5 16. Qd2 Qe5 17. h3 h4 18. Qe2 Kd8 19. Qe3 Qc5 20. Qf3 b5 21. fxe6
fxe6 22. Qg4 Qe5 23. Qg7 Re8 24. Qh6 Qg5 25. Qh7 Rg8 26. e5 d5 27. Nxd5 exd5
28. Rxd5 Rg7 29. Qd3 Ke8 30. Rxd7 fxe5 31. Qd5 Rd8 32. Rxd8+ Bxd8 33. Rxe5+ 1-0